| 000 | 00608nam a22002057a 4500 | ||
|---|---|---|---|
| 003 | OSt | ||
| 005 | 20140310181940.0 | ||
| 008 | 130724t xxu||||| |||| 00| 0 eng d | ||
| 020 | _a0345339738 | ||
| 050 |
_aPN 1997.2 _b.T649 1983 |
||
| 082 |
_aCLA T57r _b1983 |
||
| 100 |
_aTolkien, J. R. R. _93573 |
||
| 245 |
_aThe Return of the king : _bbeing the third part of the Lord of the rings / _cJ. R. R. Tolkien |
||
| 260 |
_aNew York : _bRandom House, _c1983. |
||
| 300 |
_a507 p. _c17 cm. |
||
| 541 | _j1 | ||
| 562 | _e1 | ||
| 650 |
_aLord of the Rings. Part III. _93603 |
||
| 942 |
_2lcc _cBBK _kCLA |
||
| 999 |
_c7634 _d7634 |
||